| 000 | 00430cam a2200181ua 4500 | ||
|---|---|---|---|
| 001 | 3469 | ||
| 008 | 111116n ii |||gr||||Z||||||asm | ||
| 040 | _cMAIN | ||
| 082 | _a891.4514 | ||
| 100 | _aGogoi, Lila, | ||
| 245 | 1 | 1 |
_aBuranji sahitya _cby Lila Gogoi |
| 250 | _a1st. | ||
| 260 |
_aGuwahati: _bStudents emporium,988. |
||
| 300 |
_a219p: _c23cm. |
||
| 653 | _aAssamese literature | ||
| 653 | _aBuranji sahitya | ||
| 942 | _cBK | ||
| 999 |
_c3312 _d3312 |
||